| 000 | 00711cam a22002652 4500 | ||
|---|---|---|---|
| 999 |
_c17451 _d17451 |
||
| 001 | 0000019565 | ||
| 003 | OSt | ||
| 005 | 20190219153440.0 | ||
| 008 | 110110s xx 000 0 eng d | ||
| 020 | _a0857111746 | ||
| 040 |
_aKABU _cKABU |
||
| 050 | _aRS403 .F56 2016 c.1 | ||
| 100 | 1 | _aFlorence, Alexander T. | |
| 245 | 1 | 0 | _aPhysicochemical principles of pharmacy. |
| 250 | _a6th ed. | ||
| 260 |
_aLondon : _bPharmaceutical, _c2016. |
||
| 300 | _axi, 647p. | ||
| 650 | 0 | _aPharmaceuticals chemistry. | |
| 650 | 0 | _aChemistry, Physical organic. | |
| 650 | 0 | _aPharmacy. | |
| 700 | 1 | _aAttwood, David. | |
| 908 | _a110110 | ||
| 942 |
_2lcc _cBK |
||